LEADER 01079nam a2200265 i 4500 001 000000134654 003 CaOOAMICUS 005 20070307000000.0 008 070307s1945 it u000 u ita u 013 $a107828 040 $aSeMil$bita 100 1 $aThils, Gustave <1909-2000>.$0(OLS)http://semarc/name/940 240 13$aLe Clergé diocésain.$0(OLS)http://semarc/title/197024 245 13$aIl Clero diocesano /$cG. Thils ; Traduzione dal francese di Laura Bianchini. 260 $aBrescia :$bMorcelliana,$ccopyr. 1945. 300 $a126 p. ;$c20 cm. 490 0 $aCollezione pastorale 650 4$aChiesa cattolica - Clero.$0(OLS)http://semarc/subject/5374 700 1 $aBianchini, Laura.$0(OLS)http://semarc/name/36095 830 0$aCollezione pastorale.$0(OLS)http://semarc/title/6312 850 $aSeMil 852 $aSeMil$W1$xVenegono$y1$m3G II 379$j88369$B88369$CSeMilBibl$Z2$F123111 $81 961 $aOmaggio: Altro 996 $6245$aIl Clero diocesano$9(OLS)http://semarc/title/197023 996 $6260$aBrescia :$bMorcelliana$9(OLS)http://semarc/publisher/29629 LEADER 01000nam a2200241 4500 001 000000338047 003 CaOOAMICUS 005 20200129150339.0 008 191120s1997 fr 000 u fre r 020 $a2-09-173034-3 040 $aSeMil$bita 100 1 $aLa Garanderie, Antoine : de,$d<1920-2010>.$0(OLS)http://semarc/name/109540 245 10$aCritique de la raison pédagogique / $cAntoine de La Garanderie . 264 1$aParis :$bNathan,$c1997. 300 $a350 p. ;$c21 cm 650 4$aPedagogia - Saggi.$0(OLS)http://semarc/subject/475 830 4$aLes repères pédagogiques.$0(OLS)http://semarc/title/427905 850 $aSeMil 852 $aSeMil$W1$xVenegono$y1$m2Q VII 131$j218190$B230176$CSeMilBibl$Z2$F230176 $81 996 $6020$a2-09-173034-3$9(OLS)http://semarc/number/289230 996 $6245$aCritique de la raison pédagogique / $9(OLS)http://semarc/title/426945 996 $6264$aParis :$bNathan$9(OLS)http://semarc/publisher/41125